| 000 | 00402cas a2200157 4500 | ||
|---|---|---|---|
| 022 | _a0065-2644 | ||
| 050 | 0 | 0 |
_aQD471 _b.A26 |
| 245 | 0 | 0 | _aAdvances in free-radical chemistry. |
| 260 |
_aNew York [etc.] _bAcademic Press, etc., _c1965-1980. |
||
| 300 | _a6 v. | ||
| 500 | _aEditor: 1965- G.H. Williams. | ||
| 650 | 0 | _vPeriodicals. | |
| 650 | 2 | _vPeriodicals. | |
| 700 | 1 | _aWilliams, G. H. | |
| 942 | _cGEN | ||
| 999 |
_c1905 _d1905 |
||